| 000 | 01097cam a2200217 4500 | ||
|---|---|---|---|
| 001 | J122312 | ||
| 008 | 020521n2003 000 0 eng u | ||
| 035 | _a(Sirsi) u122312 | ||
| 041 | _aeng | ||
| 050 |
_a306.65 _c18 |
||
| 110 |
_aUnited Kingdom _bOffice of the Deputy Prime Minister |
||
| 245 |
_aImproving standards of accommodation for homeless households placed in temporary accommodation by housing authorities _bEngland consultation paper |
||
| 260 |
_aLondon _bODPM _c2003 |
||
| 520 | _aA new consultation paper on the use of bed and breakfast hotels to house homeless people. The document proposes statutory guidance to enforce minimum standards for areas such as size and occupancy of levels of rooms, location of cooking and bathing facilities and management. The consultation period ends 5 August 2003. | ||
| 650 | _aBED AND BREAKFAST ACCOMMODATION | ||
| 650 | _aHOMELESS | ||
| 650 | _aTEMPORARY ACCOMMODATION | ||
| 690 |
_aAffordable housing _96215 |
||
| 856 |
_uhttps://www.communities.gov.uk/index.asp?id=1149999 _vView the consultation on the DCLG website... |
||
| 942 | _n0 | ||
| 999 |
_c102825 _d102825 |
||